[Event "Capablanca Memorial op 49th"]
[Site "Havana"]
[Date "2014.05.11"]
[Round "4"]
[White "Ginesta Caballero, Olga Lucia"]
[Black "Sanchez Ones, Yeny"]
[Result "1-0"]
[WhiteElo "2124"]
[BlackElo "2065"]
[PlyCount "87"]
[EventDate "2014.04.08"]
[EventType "swiss"]
[EventRounds "10"]
[EventCountry "CUB"]
[SourceTitle "CBM 160 Extra"]
[Source "ChessBase"]
[SourceDate "2014.07.01"]
[SourceVersion "1"]
[SourceVersionDate "2014.07.01"]
[SourceQuality "1"]

1. e4 c5 2. Nc3 d6 3. f4 Nf6 4. Bb5+ Bd7 5. Bc4 e6 6. d3 Bc6 7. Qe2 Be7 8. Nf3 0-0 9. 0-0 d5 10. Bb5 a6 11. Bxc6 Nxc6 12. e5 Ne8 13. Kh1 b5 14. Bd2 Rc8 15. Rac1 Nc7 16. g4 Nd4 17. Nxd4 cxd4 18. Nd1 b4 19. Nf2 Nb5 20. g5 a5 21. Qh5 Kh8 22. Ng4 g6 23. Qh6 Rg8 24. Rf3 Qf8 25. Qh4 h5 26. f5 exf5 27. Rxf5 Kg7 28. Rf3 Rh8 29. Nh6 Rxh6 30. gxh6+ Kh7 31. Qf2 f5 32. exf6 Bc5 33. f7 Nd6 34. Rg1 Rc7 35. Qg2 Rxf7 36. Qxg6+ Kh8 37. Rfg3 Nf5 38. Rh3 h4 39. Bf4 Re7 40. Bg5 Rf7 41. Bxh4 Be7 42. Bxe7 Rxe7 43. Rf3 Rf7 44. Rgf1 1-0

[Event "Capablanca Memorial op-A 48th"]
[Site "Havana"]
[Date "2013.04.29"]
[Round "8"]
[White "Ginesta Caballero, Olga Lucia"]
[Black "Gongora Montes, Benjamin"]
[Result "1-0"]
[WhiteElo "2095"]
[BlackElo "2253"]
[PlyCount "75"]
[EventDate "2013.04.21"]
[EventType "swiss"]
[EventRounds "10"]
[EventCountry "CUB"]
[SourceTitle "CBM 154 Extra"]
[Source "ChessBase"]
[SourceDate "2013.06.25"]
[SourceVersion "2"]
[SourceVersionDate "2013.06.25"]
[SourceQuality "1"]

1. f4 c5 2. Nf3 Nc6 3. e4 e6 4. Nc3 d5 5. Bb5 Nf6 6. d3 a6 7. Bxc6+ bxc6 8. 0-0 Be7 9. Qe2 0-0 10. b3 a5 11. Na4 Ba6 12. c4 Nd7 13. Ba3 Kh8 14. Kh1 d4 15. Rae1 f6 16. f5 e5 17. Nh4 Qe8 18. Qg4 Kg8 19. Rf3 Bb5 20. Rg3 Rf7 21. Bc1 Bxa4 22. Rh3 Bb5 23. cxb5 cxb5 24. Ng6 Nf8 25. Qh5 h6 26. Rg3 Kh7 27. Rh3 Kg8 28. Qg4 Bd8 29. Bxh6 Nxg6 30. fxg6 Rfa7 31. Bd2 Qd7 32. Qh5 Kf8 33. Qh8+ Ke7 34. Qxg7+ Kd6 35. Qg8 Be7 36. Qf7 Rf8 37. Qd5+ Kc7 38. g7 1-0

[Event "Capablanca Memorial op-A 48th"]
[Site "Havana"]
[Date "2013.04.23"]
[Round "3"]
[White "Ginesta Caballero, Olga Lucia"]
[Black "Gutierrez Delgado, Yusuan Alfredo"]
[Result "1-0"]
[WhiteElo "2095"]
[BlackElo "2335"]
[PlyCount "65"]
[EventDate "2013.04.21"]
[EventType "swiss"]
[EventRounds "10"]
[EventCountry "CUB"]
[SourceTitle "CBM 154 Extra"]
[Source "ChessBase"]
[SourceDate "2013.06.25"]
[SourceVersion "2"]
[SourceVersionDate "2013.06.25"]
[SourceQuality "1"]

1. e4 c5 2. Nc3 a6 3. f4 b5 4. Nf3 Bb7 5. d3 e6 6. g3 d5 7. e5 Ne7 8. Bg2 Nec6 9. 0-0 Be7 10. Qe2 b4 11. Nd1 Nd7 12. Bd2 Qc7 13. Nf2 a5 14. Rae1 0-0 15. g4 f6 16. exf6 Bxf6 17. Qxe6+ Kh8 18. g5 Bxb2 19. Qh3 Bc8 20. Ng4 Nb6 21. g6 h6 22. f5 Bxf5 23. Ng5 Bxg4 24. Qxg4 Rf6 25. Nf7+ Kg8 26. Rxf6 Bxf6 27. Qe6 Qc8 28. Nxh6+ Kh8 29. Nf7+ Kg8 30. Qe2 Ne7 31. Qh5 Kf8 32. Qh8+ Ng8 33. Nh6 1-0

[Event "Madrid Chamartin op 1st"]
[Site "Madrid"]
[Date "2012.09.14"]
[Round "8"]
[White "Rodriguez Dorado, Victor Manuel"]
[Black "Ginesta Caballero, Olga Lucia"]
[Result "0-1"]
[WhiteElo "1958"]
[BlackElo "2099"]
[PlyCount "86"]
[EventDate "2012.09.09"]
[EventType "swiss"]
[EventRounds "9"]
[EventCountry "ESP"]
[SourceTitle "CBM 150 Extra"]
[Source "ChessBase"]
[SourceDate "2012.10.19"]
[SourceVersion "1"]
[SourceVersionDate "2012.10.19"]
[SourceQuality "1"]

1. e4 c5 2. Nf3 g6 3. d4 cxd4 4. Nxd4 Nc6 5. Nc3 Bg7 6. Be3 Nf6 7. Bc4 0-0 8. Bb3 Ng4 9. Nxc6 Nxe3 10. Nxd8 Nxd1 11. Rxd1 Bxc3+ 12. bxc3 Rxd8 13. 0-0 b6 14. Rd4 Bb7 15. Rfd1 Bc6 16. Bd5 Bxd5 17. Rxd5 d6 18. e5 Rac8 19. R1d3 Kf8 20. exd6 Rxd6 21. Rxd6 exd6 22. Kf1 Ke7 23. Ke2 Rc4 24. a3 Ra4 25. c4 Rxc4 26. Kd2 f5 27. g3 g5 28. f3 f4 29. Rd5 h6 30. Rd3 Ke6 31. g4 d5 32. Rb3 Kd6 33. Kd3 Kc5 34. h3 Rd4+ 35. Ke2 Kc4 36. Ke1 b5 37. Ke2 a5 38. Rb2 Kc5 39. Rb3 Rc4 40. Kd3 a4 41. Rb1 d4 42. Re1 Rc3+ 43. Kd2 Re3 0-1

[Event "Madrid Oliver Gonzalez Memorial-A 3rd"]
[Site "Madrid"]
[Date "2012.09.08"]
[Round "8"]
[White "Pastor Alonso de Prado, Emilio Alberto"]
[Black "Ginesta Caballero, Olga Lucia"]
[Result "1-0"]
[WhiteElo "2172"]
[BlackElo "2099"]
[PlyCount "109"]
[EventDate "2012.09.01"]
[EventType "swiss"]
[EventRounds "9"]
[EventCountry "ESP"]
[SourceTitle "CBM 150 Extra"]
[Source "ChessBase"]
[SourceDate "2012.10.19"]
[SourceVersion "1"]
[SourceVersionDate "2012.10.19"]
[SourceQuality "1"]

1. e4 c5 2. Nf3 g6 3. c3 Bg7 4. h3 d5 5. e5 Nc6 6. d4 cxd4 7. cxd4 f6 8. exf6 exf6 9. Nc3 Nge7 10. Bb5 0-0 11. 0-0 Qd6 12. Re1 Be6 13. Bf1 a6 14. a4 Rfe8 15. Qb3 Bf7 16. a5 Qb4 17. Qxb4 Nxb4 18. Ra4 Nec6 19. Rd1 g5 20. Na2 Nxa2 21. Rxa2 Bg6 22. Bd2 Bf8 23. Bc3 Rac8 24. Raa1 h6 25. Ne1 Rc7 26. g4 Bd6 27. Ng2 Be4 28. Re1 Kf7 29. Re2 h5 30. Ne3 hxg4 31. hxg4 Rh8 32. Bg2 Bxg2 33. Kxg2 Rh2+ 34. Kg1 Rc8 35. Nxd5 Rch8 36. Ree1 R2h4 37. Ne3 Bf4 38. d5 Bxe3 39. dxc6 Rxg4+ 40. Kf1 Bc5 41. cxb7 Rb8 42. f3 Rg3 43. Ke2 Rxb7 44. Rf1 Rd7 45. Ra4 f5 46. Rc4 Rg2+ 47. Ke1 Be3 48. Rh1 Rg1+ 49. Rxg1 Bxg1 50. Rc6 Re7+ 51. Kf1 Bh2 52. Rf6+ Ke8 53. Rxf5 Bf4 54. Rf6 Re3 55. Kf2 1-0

[Event "Madrid Oliver Gonzalez Memorial-A 3rd"]
[Site "Madrid"]
[Date "2012.09.07"]
[Round "7"]
[White "Ginesta Caballero, Olga Lucia"]
[Black "De la Orden Alcocer, Alejandro"]
[Result "1-0"]
[WhiteElo "2099"]
[BlackElo "1857"]
[PlyCount "103"]
[EventDate "2012.09.01"]
[EventType "swiss"]
[EventRounds "9"]
[EventCountry "ESP"]
[SourceTitle "CBM 150 Extra"]
[Source "ChessBase"]
[SourceDate "2012.10.19"]
[SourceVersion "1"]
[SourceVersionDate "2012.10.19"]
[SourceQuality "1"]

1. e4 Nf6 2. e5 Nd5 3. d4 d6 4. c4 Nb6 5. exd6 exd6 6. Nc3 Be7 7. Bd3 Nc6 8. Nge2 0-0 9. 0-0 Bf6 10. Be3 Nb4 11. d5 Nxd3 12. Qxd3 g6 13. Ng3 Bg7 14. f4 f5 15. Rae1 Bd7 16. b3 Qf6 17. Nge2 Rfe8 18. Bd4 Qf7 19. Bxg7 Kxg7 20. Qd4+ Qf6 21. Qxf6+ Kxf6 22. Nd4 a6 23. Kf2 Rad8 24. Rxe8 Rxe8 25. Re1 Rxe1 26. Kxe1 c5 27. dxc6 bxc6 28. Kd2 h6 29. Kd3 c5 30. Nc2 Bc6 31. Ne3 g5 32. g3 Ke6 33. a3 gxf4 34. gxf4 a5 35. a4 Bf3 36. Nb5 Be4+ 37. Kc3 Kd7 38. Kd2 d5 39. cxd5 Nxd5 40. Nxd5 Bxd5 41. Kc3 Kc6 42. Na3 Kb6 43. Nc4+ Ka6 44. Nd6 Be6 45. Nc4 Bd5 46. Kd3 Be6 47. Ke3 Bxc4 48. bxc4 h5 49. Kf3 h4 50. Kg2 Kb6 51. Kh3 Kc6 52. Kxh4 1-0

[Event "Madrid Oliver Gonzalez Memorial-A 3rd"]
[Site "Madrid"]
[Date "2012.09.06"]
[Round "6"]
[White "Ananian, Arman"]
[Black "Ginesta Caballero, Olga Lucia"]
[Result "1/2-1/2"]
[WhiteElo "1866"]
[BlackElo "2099"]
[PlyCount "175"]
[EventDate "2012.09.01"]
[EventType "swiss"]
[EventRounds "9"]
[EventCountry "ESP"]
[SourceTitle "CBM 150 Extra"]
[Source "ChessBase"]
[SourceDate "2012.10.19"]
[SourceVersion "1"]
[SourceVersionDate "2012.10.19"]
[SourceQuality "1"]

1. d4 f5 2. c4 Nf6 3. Nc3 e6 4. Nf3 Be7 5. e3 b6 6. Bd3 Bb7 7. 0-0 0-0 8. Re1 Ne4 9. Nd2 Nxc3 10. bxc3 Qe8 11. e4 f4 12. Nf3 g5 13. c5 Qh5 14. h3 Bf6 15. a4 Nc6 16. Ba3 Rf7 17. Be2 Qh6 18. Nh2 Be7 19. Bh5 Rff8 20. Ng4 Qg7 21. d5 Na5 22. d6 cxd6 23. cxd6 Bd8 24. Qd3 Rc8 25. f3 Nc4 26. e5 Bd5 27. Bc1 Rf5 28. Qe2 Kh8 29. Kh2 Bb7 30. Ba3 Ne3 31. Nxe3 Rxe5 32. Qd3 Rxe3 33. Rxe3 fxe3 34. Qxe3 Bf6 35. Ra2 Rxc3 36. Qe2 Be5+ 37. Kh1 Rc8 38. Rc2 Rxc2 39. Qxc2 Bc6 40. Bg4 Qf6 41. Kg1 Bd4+ 42. Kh1 Qe5 43. Bb4 Qe3 44. Qd1 Bxa4 45. Qf1 Bb5 46. Qd1 Bc6 47. Bd2 Qe5 48. Qc1 h6 49. f4 Qc5 50. Qf1 Bb5 51. Qf3 Bc6 52. Qf1 Bb5 53. Qc1 Bc6 54. Bf3 Qxd6 55. fxg5 Qg3 56. Bxc6 Be5 57. Kg1 dxc6 58. Qxc6 Bd4+ 59. Kh1 hxg5 60. Qe8+ Kh7 61. Qf7+ Bg7 62. Qxe6 Qe5 63. Qg4 Qa1+ 64. Kh2 Qe5+ 65. Kh1 Kg6 66. h4 Bf6 67. hxg5 Bxg5 68. Bxg5 Qxg5 69. Qe6+ Qf6 70. Qg4+ Kh7 71. Qd7+ Qg7 72. Qf5+ Kh8 73. Qc8+ Qg8 74. Qc3+ Qg7 75. Qc8+ Kh7 76. Qf5+ Kh6 77. Qf4+ Kg6 78. Qg4+ Kh7 79. Qf5+ Kh6 80. Qf4+ Qg5 81. Qf8+ Kh5 82. Qf7+ Kh6 83. Qf8+ Kg6 84. Qg8+ Kf5 85. Qd5+ Kf4 86. Qd2+ Kf5 87. Qd5+ Kg6 88. Qg8+ 1/2-1/2

[Event "Collado Villalba op-A 29th"]
[Site "Collado Villalba"]
[Date "2012.09.01"]
[Round "9"]
[White "Ginesta Caballero, Olga Lucia"]
[Black "Pastor Alonso de Prado, Emilio Alberto"]
[Result "0-1"]
[WhiteElo "2093"]
[BlackElo "2172"]
[PlyCount "76"]
[EventDate "2012.08.24"]
[EventType "swiss"]
[EventRounds "9"]
[EventCountry "ESP"]
[SourceTitle "CBM 150 Extra"]
[Source "ChessBase"]
[SourceDate "2012.10.19"]
[SourceVersion "1"]
[SourceVersionDate "2012.10.19"]
[SourceQuality "1"]

1. e4 e5 2. Nf3 Nc6 3. d4 exd4 4. Bc4 Be7 5. c3 Na5 6. Bd3 dxc3 7. Nxc3 d6 8. 0-0 Nf6 9. Nd5 Nc6 10. h3 Ne5 11. Nxe5 dxe5 12. Nxe7 Qxe7 13. Qb3 0-0 14. Bg5 h6 15. Be3 b6 16. Rac1 Bb7 17. f3 Rad8 18. Rc3 Nh5 19. Rfc1 c5 20. a4 Rd6 21. a5 Rg6 22. Bf1 Bc8 23. g4 Nf4 24. Bf2 h5 25. axb6 axb6 26. Ra1 hxg4 27. fxg4 Rd6 28. Qc2 Rfd8 29. Be1 Rd4 30. Re3 Qg5 31. Qf2 Bb7 32. Ra7 Bxe4 33. Bc3 Rd1 34. Kh2 Qg6 35. Qh4 f6 36. Bc4+ Bd5 37. Bxd5+ R1xd5 38. Qf2 Rd3 0-1

[Event "Collado Villalba op-A 29th"]
[Site "Collado Villalba"]
[Date "2012.08.31"]
[Round "8"]
[White "Velasco Garcia, Jorge Juan"]
[Black "Ginesta Caballero, Olga Lucia"]
[Result "0-1"]
[WhiteElo "1920"]
[BlackElo "2093"]
[PlyCount "110"]
[EventDate "2012.08.24"]
[EventType "swiss"]
[EventRounds "9"]
[EventCountry "ESP"]
[SourceTitle "CBM 150 Extra"]
[Source "ChessBase"]
[SourceDate "2012.10.19"]
[SourceVersion "1"]
[SourceVersionDate "2012.10.19"]
[SourceQuality "1"]

1. d4 f5 2. g3 Nf6 3. Nf3 e6 4. Bg2 Be7 5. 0-0 0-0 6. c4 d6 7. b3 Qe8 8. Qc2 Nc6 9. Bb2 Nb4 10. Qc3 a5 11. a3 Ne4 12. Qc1 Na6 13. Nfd2 d5 14. f3 Nf6 15. Nc3 c5 16. Nb5 Bd7 17. a4 Rc8 18. e4 fxe4 19. fxe4 Nb4 20. Rf3 Qg6 21. e5 Ng4 22. Nd6 Bxd6 23. exd6 cxd4 24. Bxd4 Nc2 25. Qb2 Nxa1 26. Qxa1 dxc4 27. Rxf8+ Rxf8 28. Be4 Qh6 29. Nf3 cxb3 30. Qa3 Qh3 31. Qb2 Bxa4 32. Bxb7 Bb5 33. Qa1 Nxh2 34. Nxh2 Qxg3+ 35. Bg2 b2 36. Qb1 Bd3 37. Qxb2 Qe1+ 38. Nf1 Bxf1 39. Bf2 Qxf2+ 40. Qxf2 Rxf2 41. Kxf2 Bb5 42. Ke3 Kf8 43. Kd4 Bd7 44. Be4 h5 45. Kc5 a4 46. Kb6 a3 47. Bb1 e5 48. Kc7 Be6 49. Ba2 Bg4 50. Bd5 e4 51. Bc4 e3 52. Be2 a2 53. Bxg4 a1Q 54. d7 Qa7+ 55. Kd6 Qxd7+ 0-1

[Event "Collado Villalba op-A 29th"]
[Site "Collado Villalba"]
[Date "2012.08.29"]
[Round "6"]
[White "Garcia Vicente, Nieves"]
[Black "Ginesta Caballero, Olga Lucia"]
[Result "1-0"]
[WhiteElo "2190"]
[BlackElo "2093"]
[PlyCount "91"]
[EventDate "2012.08.24"]
[EventType "swiss"]
[EventRounds "9"]
[EventCountry "ESP"]
[SourceTitle "CBM 150 Extra"]
[Source "ChessBase"]
[SourceDate "2012.10.19"]
[SourceVersion "1"]
[SourceVersionDate "2012.10.19"]
[SourceQuality "1"]

1. d4 Nf6 2. c4 g6 3. Nc3 d5 4. cxd5 Nxd5 5. e4 Nxc3 6. bxc3 Bg7 7. Nf3 c5 8. Be3 0-0 9. Rc1 cxd4 10. cxd4 b6 11. Bc4 Bb7 12. d5 Nd7 13. 0-0 Rc8 14. Qe2 Nf6 15. Bg5 Rc5 16. Rfd1 h6 17. Be3 Nxe4 18. Bxc5 Nxc5 19. Nd4 Bf6 20. Nc6 Qc7 21. Nxa7 Bxd5 22. Bxd5 Qxa7 23. Qc2 Kg7 24. Bb3 h5 25. h3 Qa3 26. Qc4 Qa5 27. Rc2 e6 28. g3 Ra8 29. Rcd2 Ra7 30. Qe2 Rc7 31. Qf3 Qb4 32. Rc2 Qa3 33. Qe3 Ra7 34. Kg2 Qa5 35. Rd6 Be7 36. Rd1 Bf6 37. Qf3 Qa3 38. g4 h4 39. Qe3 Ra5 40. Rc4 Nxb3 41. axb3 Rb5 42. Rd3 Qa8+ 43. Qf3 Qa1 44. Rc7 Rc5 45. Rxc5 bxc5 46. Rd7 1-0

[Event "Collado Villalba op-A 29th"]
[Site "Collado Villalba"]
[Date "2012.08.26"]
[Round "3"]
[White "Ginesta Caballero, Olga Lucia"]
[Black "Roa Alonso, Santiago"]
[Result "0-1"]
[WhiteElo "2093"]
[BlackElo "2426"]
[PlyCount "56"]
[EventDate "2012.08.24"]
[EventType "swiss"]
[EventRounds "9"]
[EventCountry "ESP"]
[SourceTitle "CBM 150 Extra"]
[Source "ChessBase"]
[SourceDate "2012.10.19"]
[SourceVersion "1"]
[SourceVersionDate "2012.10.19"]
[SourceQuality "1"]

1. e4 c5 2. Nc3 d6 3. f4 Nc6 4. Nf3 g6 5. Bb5 Bd7 6. Bxc6 Bxc6 7. 0-0 Bg7 8. d3 Nh6 9. Qe1 Qd7 10. Rb1 f5 11. Bd2 Nf7 12. b4 b6 13. b5 Bb7 14. a4 0-0 15. exf5 gxf5 16. Qh4 Bf6 17. Qh5 Kh8 18. Ne2 e6 19. Ng5 Nxg5 20. fxg5 Rg8 21. g4 Be5 22. gxf5 exf5 23. h4 Qe6 24. c4 f4 25. Nxf4 Qf5 26. Rbe1 Rg7 27. Qe2 Rag8 28. Nd5 Qh3 0-1

[Event "Barcelona Sant Marti op-A 14th"]
[Site "Barcelona"]
[Date "2012.07.18"]
[Round "6"]
[White "Ginesta Caballero, Olga Lucia"]
[Black "Fernandez Aguilar, Francisco"]
[Result "1-0"]
[WhiteElo "2093"]
[BlackElo "1946"]
[PlyCount "143"]
[EventDate "2012.07.13"]
[EventType "swiss"]
[EventRounds "9"]
[EventCountry "ESP"]
[SourceTitle "CBM 149 Extra"]
[Source "ChessBase"]
[SourceDate "2012.08.24"]
[SourceVersion "1"]
[SourceVersionDate "2012.08.24"]
[SourceQuality "1"]

1. e4 e5 2. Nf3 Nc6 3. d4 exd4 4. Bc4 Nf6 5. e5 d5 6. Bb5 Ne4 7. Nxd4 Bd7 8. Bxc6 bxc6 9. 0-0 Bc5 10. f3 Ng5 11. f4 Ne4 12. Be3 Qe7 13. Nd2 Nd6 14. Kh1 Nf5 15. Nxf5 Bxf5 16. Bxc5 Qxc5 17. c3 0-0 18. Nb3 Qb6 19. Qd4 a5 20. Rf2 a4 21. Qxb6 cxb6 22. Nd4 Bd7 23. a3 Rae8 24. Rd1 f6 25. e6 Bxe6 26. Nxc6 Bg4 27. Rc1 Be2 28. h3 Re4 29. Rc2 Bc4 30. Rcd2 Kf7 31. Kh2 h5 32. h4 g6 33. Kg3 Rfe8 34. Nd4 Re3+ 35. Rf3 R3e4 36. Kf2 Kg7 37. g3 Kf7 38. f5 g5 39. hxg5 fxg5 40. Ne6 Kf6 41. Kg1 Re1+ 42. Kg2 Re5 43. Rff2 Rh8 44. Nd4 h4 45. g4 Re4 46. Kh3 Re3+ 47. Kh2 Rhe8 48. Ne6 Re4 49. Rg2 Bf1 50. Rgf2 Bc4 51. Kh3 Re3+ 52. Kh2 Rg3 53. Rd4 Re3 54. Rfd2 Re2+ 55. Rxe2 Bxe2 56. Rxa4 Bxg4 57. Rxg4 Kxf5 58. Ng7+ Kxg4 59. Nxe8 Kf3 60. Nf6 g4 61. Nxg4 Kxg4 62. a4 Kf5 63. b4 Ke6 64. Kh3 d4 65. cxd4 Kd5 66. a5 bxa5 67. bxa5 Kc6 68. Kxh4 Kb5 69. Kg5 Kxa5 70. Kf6 Kb6 71. d5 Kc7 72. Ke7 1-0

[Event "Barcelona Sant Marti op-A 14th"]
[Site "Barcelona"]
[Date "2012.07.15"]
[Round "3"]
[White "Ginesta Caballero, Olga Lucia"]
[Black "Franch Guiral, Ramon"]
[Result "1-0"]
[WhiteElo "2093"]
[BlackElo "1948"]
[PlyCount "69"]
[EventDate "2012.07.13"]
[EventType "swiss"]
[EventRounds "9"]
[EventCountry "ESP"]
[SourceTitle "CBM 149 Extra"]
[Source "ChessBase"]
[SourceDate "2012.08.24"]
[SourceVersion "1"]
[SourceVersionDate "2012.08.24"]
[SourceQuality "1"]

1. e4 e5 2. Nf3 d6 3. Bc4 Be7 4. d4 exd4 5. Nxd4 Nf6 6. Nc3 0-0 7. 0-0 Re8 8. Re1 h6 9. h3 c6 10. a4 Bf8 11. Bf4 Nbd7 12. Nf3 Nc5 13. e5 dxe5 14. Nxe5 Be6 15. Qf3 Bxc4 16. Nxc4 Rxe1+ 17. Rxe1 Be7 18. Rd1 Qc8 19. Nd6 Bxd6 20. Bxd6 Ncd7 21. Re1 c5 22. Re7 Qc6 23. Ne4 Re8 24. Nxf6+ Nxf6 25. Qxc6 bxc6 26. Rxe8+ Nxe8 27. Bxc5 a6 28. Kf1 f5 29. Ke2 Kf7 30. Kd3 Ke6 31. Kc4 Nc7 32. Bf8 Kf7 33. Bd6 Ne6 34. Kb4 Ke8 35. Ka5 1-0

[Event "Camaguey ESPA Cup (Women)"]
[Site "Camaguey"]
[Date "2007.05.23"]
[Round "8"]
[White "Ginesta Caballero, Olga Lucia"]
[Black "Gallinat, Leyva Kenia"]
[Result "1/2-1/2"]
[WhiteElo "2094"]
[BlackElo "2153"]
[PlyCount "22"]
[EventDate "2007.05.16"]
[EventType "tourn"]
[EventRounds "14"]
[EventCountry "CUB"]
[SourceTitle "EXT 2019"]
[Source "ChessBase"]
[SourceDate "2018.10.10"]
[SourceVersion "1"]
[SourceVersionDate "2018.10.10"]
[SourceQuality "1"]

1. c4 c5 2. Nf3 Nf6 3. g3 g6 4. Bg2 Bg7 5. 0-0 0-0 6. d4 cxd4 7. Nxd4 Nc6 8. Nc3 Nxd4 9. Qxd4 d6 10. e4 Be6 11. Be3 Rc8 1/2-1/2

[Event "Camaguey ESPA Cup (Women)"]
[Site "Camaguey"]
[Date "2007.05.22"]
[Round "7"]
[White "Ginesta Caballero, Olga Lucia"]
[Black "Rodriguez Guevara, Celia M"]
[Result "1-0"]
[WhiteElo "2094"]
[BlackElo "1977"]
[PlyCount "44"]
[EventDate "2007.05.16"]
[EventType "tourn"]
[EventRounds "14"]
[EventCountry "CUB"]
[SourceTitle "EXT 2019"]
[Source "ChessBase"]
[SourceDate "2018.10.10"]
[SourceVersion "1"]
[SourceVersionDate "2018.10.10"]
[SourceQuality "1"]

1. Nf3 d5 2. d4 Nf6 3. Bg5 e6 4. e3 Be7 5. c4 h6 6. Bxf6 Bxf6 7. Nc3 0-0 8. Bd3 c6 9. 0-0 Nd7 10. Qe2 dxc4 11. Bxc4 c5 12. Rfd1 cxd4 13. Nxd4 Qe7 14. Rac1 Ne5 15. Bb3 Bd7 16. Ne4 Nc6 17. Nf3 Rfd8 18. h3 Rac8 19. Nh2 Be5 20. f4 Bb8 21. Qh5 Be8 22. Ng4 f5 1-0